TOLIMÁN (Registro nro. 68665)
[ vista simple ]
| 000 -CABECERA | |
|---|---|
| campo de control de longitud fija | 00576nam a22001937a 4500 |
| 008 - DATOS DE LONGITUD FIJA--INFORMACIÓN GENERAL | |
| campo de control de longitud fija | 260624b2003 mx ||||| |||| 00| 0 spa d |
| 020 ## - NÚMERO INTERNACIONAL ESTÁNDAR DEL LIBRO | |
| Número Internacional Estándar del Libro | 970-36-0028-X |
| 040 ## - FUENTE DE LA CATALOGACIÓN | |
| Lengua de catalogación | spa |
| 041 ## - CÓDIGO DE LENGUA | |
| Código de lengua del texto/banda sonora o título independiente | spa |
| Código de lengua original | spa |
| 082 04 - NÚMERO DE LA CLASIFICACIÓN DECIMAL DEWEY | |
| Número de edición | CQ / 972.459 |
| Número de clasificación | G65 |
| 100 ## - ENTRADA PRINCIPAL--NOMBRE DE PERSONA | |
| Nombre de persona | GÓMEZ VALDEZ LOMBARDO, LUQUE GUERRERO ANA CELIA, SEVILLA HERNÁNDEZ MARÍA LUISA |
| 245 ## - MENCIÓN DE TÍTULO | |
| Título | TOLIMÁN |
| 300 ## - DESCRIPCIÓN FÍSICA | |
| Extensión | 127 paginas; |
| Dimensiones | 27.2 CM X 21.5 CM. |
| 336 ## - TIPO DE CONTENIDO | |
| Fuente | rdacontent |
| Término de tipo de contenido | texto |
| Código de tipo de contenido | txt |
| 337 ## - TIPO DE MEDIO | |
| Fuente | rdamedia |
| Nombre/término del tipo de medio | sin mediación |
| Código del tipo de medio | n |
| 338 ## - TIPO DE SOPORTE | |
| Fuente | rdacarrier |
| Nombre/término del tipo de soporte | volumen |
| Código del tipo de soporte | nc |
| 650 ## - PUNTO DE ACCESO ADICIONAL DE MATERIA--TÉRMINO DE MATERIA | |
| Fuente del encabezamiento o término | GEOGRAFIA E HISTORIA |
| 942 ## - ELEMENTOS DE PUNTO DE ACCESO ADICIONAL (KOHA) | |
| Fuente del sistema de clasificación o colocación | Dewey Decimal Classification |
| Tipo de ítem Koha | Colección Querétaro |
| Estado de retiro | Estado de pérdida | Fuente del sistema de clasificación o colocación | Estado dañado | No para préstamo | Código de colección | Localización permanente | Ubicación/localización actual | Ubicación en estantería | Fecha de adquisición | Fuente de adquisición | Total de préstamos | Signatura topográfica completa | Fecha visto por última vez | Precio válido a partir de | Tipo de ítem Koha | Número de copia |
|---|---|---|---|---|---|---|---|---|---|---|---|---|---|---|---|---|
| Dewey Decimal Classification | Colecciones Especiales (Quéretaro, IQM, Idiomas, SEP, Inea.) | BIBLIOTECA PÚBLICA CENTRAL ESTATAL “FRANCISCO CERVANTES” | BIBLIOTECA PÚBLICA CENTRAL ESTATAL “FRANCISCO CERVANTES” | SALA QUERÉTARO ACCESO B PLANTA ALTA | 03/01/2007 | DONACIÓN | G65 | 06/24/2026 | 06/24/2026 | Colección Querétaro | ||||||
| Dewey Decimal Classification | Colecciones Especiales (Quéretaro, IQM, Idiomas, SEP, Inea.) | BIBLIOTECA PÚBLICA CENTRAL ESTATAL “FRANCISCO CERVANTES” | BIBLIOTECA PÚBLICA CENTRAL ESTATAL “FRANCISCO CERVANTES” | SALA QUERÉTARO ACCESO B PLANTA ALTA | 03/01/2007 | DONACIÓN | G65 | 06/24/2026 | 06/24/2026 | Colección Querétaro | EJ.2 |